Quelle couleur manque-t-elle au drapeau ? - Statistiques

Statistiques générales
  • Ce quiz a été pris 266 fois
  • Le résultat moyen est 15 sur 16
Statistiques - réponses
Par images Hint Réponse % Correct
France Rouge
100%
Israël Bleu
98%
Canada Rouge
98%
Qatar Blanc
97%
Colombie Jaune
97%
Comores Bleu
96%
République centrafricaine Vert
96%
Chili Blanc
95%
Brunei Jaune
95%
Cap-Vert Jaune
95%
Tchad Jaune
95%
Somalie Blanc
94%
Australie Rouge
94%
Benin Jaune
93%
Suriname Vert
93%
Vanuatu Noir
91%
Aucun quiz correspondant
Distribution des résultats
% des personnes avec chaque résultat
Percentile par nombre de réponses
Votre historique - résultats
Vous n’avez pas pris ce quiz